All Bosses in Clair Obscur Expedition 33 - Statistics

General Stats
  • This quiz has been taken 72 times
    40 since last reset
  • The average score is 27 of 93
Answer Stats
Hint Answer % Correct
Old Lumiere/Inside of Monolith/Lumiere Renoir
92%
Lumiere/A Life to Love Ending Maelle
88%
Flying Manor Clea
84%
The Abyss/Renoir's Drafts Simon
84%
Flying Waters Goblu
80%
Stone Wave Cliffs/ Painting Workshop Lampmaster
80%
Sirene Sirene
80%
Monolith Peak The Paintress
80%
Lumiere/A Life to Paint Ending Verso
80%
Hidden Across Game Mime
76%
Forgotten Battlefield Dualliste
72%
Visages Visages
72%
The Reacher Alicia
68%
Monoco's Station Monoco
68%
Spring Meadows Eveque
64%
Gestral Village/Sacred River/Dark Gestral Arena Golgra
60%
Esquie's Nest Francois
56%
Abbest Cave Chromatic Abbest
52%
World Map Sprong
52%
The Manor The Curator
52%
World Map/Flying Manor Grosse Tete
48%
Verso's Drafts Osquio
48%
Sirene Tisseur
48%
Lumiere Creation
44%
Monoco's Station/The Chosen Path Stalact
44%
Spread Across Continent Bourgeon
40%
Spring Meadows Chromatic Lancelier
40%
Gestral Village Sciel
40%
Endless Tower Chromatic Lampmaster
36%
Endless Tower Duolliste
36%
Endless Tower Painted Love
36%
Sirene Glissando
32%
Visages Mask Keeper
32%
World Map Serpenphare
32%
Endless Tower Simon, The Divergent Star
32%
Sirene's Dress Chromatic Glissando
28%
Renoir's Drafts Chromatic Creation
24%
Old Lumiere Chromatic Danseuse
24%
Flying Waters Chromatic Troubadour
24%
Inside of Monolith Clair Obscur
24%
Endless Tower Clea Unleashed
24%
World Map Frost Eveque
24%
Inside of Monolith Chromatic Bourgeon
20%
World Map Chromatic Goblu
20%
World Map Chromatic Jar
20%
Frozen Hearts Gargant
20%
Falling Leaves Scavenger
20%
The Reacher Chromatic Braseleur
16%
Monolith Peak Chromatic Clair Obscur
16%
Forgotten Battlefield Chromatic Luster
16%
World Map Chromatic Portier
16%
World Map Thunder Eveque
16%
World Map Chromatic Abberation
12%
Falling Leaves Chromatic Ballet
12%
World Map Chromatic Brueler
12%
Sirene Chromatic Greatsword Cultist
12%
Stone Wave Cliffs Cave Chromatic Hexga
12%
Yellow Harvest Chromatic Orphelin
12%
World Map Flame Eveque
12%
Crushing Cavern Giant Sapling
12%
Hidden Throughout Continent Petanque
12%
World Map Chromatic Benisseur
8%
Isle of the Eyes Chromatic Boucheclier
8%
Endless Tower Chromatic Ceramic Chevalière
8%
Sinister Cave Chromatic Chalier
8%
The Crows Chromatic Chapelier
8%
Stone Wave Cliffs Chromatic Gault
8%
The Chosen Path Contortionist
8%
Gestral Village/Hidden Gestral Arena Dominique Giant Feet
8%
Yellow Harvest/The Chosen Path Glaise
8%
The Chosen Path Jar
8%
Visages Jovial Moissonneuse
8%
Gestral Village/Hidden Gestral Arena Julien Tiny Head
8%
Gestral Village/Hidden Gestral Arena Matthieu the Colossus
8%
Verso's Drafts Monsieur Frappe
8%
Visages Seething Boucheclier
8%
Visages Sorrowful Chapelier
8%
The Chosen Path Benisseur
4%
Gestral Village/Hidden Gestral Arena Bertrand Big Hands
4%
Lumiere Chromatic Eschassier
4%
Verso's Drafts Chromatic Franctale
4%
Sky Island Chromatic Glaise
4%
Crimson Forest Chromatic Gold Chevalière
4%
Verso's Drafts Chromatic Machinapieds
4%
World Map Chromatic Moissonneuse
4%
Visages Chromatic Ramasseur
4%
Endless Tower Chromatic Steel Chevalière
4%
Frozen Hearts Chromatic Veilleur
4%
Verso's Drafts Half-Baked Gestral
4%
Vero's Drafts Licornes
4%
Stone Wave Cliffs Rocher
4%
Ancient Sanctuary Ultimate Skapatate
4%
Gestral Village Uno Puncho
4%
No matching quizzes found
Score Distribution
Percent of People with Each Score
Percentile by Number Answered
Your Score History
You have not taken this quiz since the last reset